000 00727nam a2200181Ia 4500
003 GCL
008 140319s9999 xx 000 0 ara d
040 _aGCL /
_cGCL
082 0 4 _a320.05
_bم ت
100 1 _aمركز الدراسات السياسية والاستراتيجية
245 1 0 _aالتقرير الاستراتيجى العربى /
_cمركز الدراسات السياسية والاستراتيجية
300 _a522 ص
490 _aالهيئة العامة للاستعلامات
_v0
650 0 4 _aمصر - الاحوال السياسية
650 0 4 _aالعالم العربى - الاحوال السياسية
650 0 4 _aالعالم العربى - علاقات خارجية
942 _2ddc
_cBK
999 _c50373
_d50373